[Event "12th Open"]
[Site "Dubai UAE"]
[Date "2010.04.13"]
[Round "9"]
[White "AlHuwar,J"]
[Black "Sharapov,E"]
[Result "0-1"]
[WhiteElo "2308"]
[BlackElo "2498"]
[EventDate "2010.04.05"]

1. Nf3 c5 2. c4 Nc6 3. d4 cxd4 4. Nxd4 Nf6 5. Nc3 e6 6. g3 Qb6 7. Nb3 Ne5
8. Qd4 Qxd4 9. Nxd4 Bb4 10. e3 Ne4 11. Bd2 Bxc3 12. Bxc3 Nxc3 13. bxc3 b6
14. Nb5 Ke7 15. Bg2 Rb8 16. Nxa7 Ba6 17. O-O Bxc4 18. Rfb1 b5 19. f4 Ng4
20. Re1 Ra8 21. Bxa8 Rxa8 22. Nxb5 Bxb5 23. e4 Nf6 24. a3 Bc6 25. e5 Ne4
26. Re3 Nd2 27. c4 Nxc4 28. Rc3 Ra4 29. Kf2 g5 30. Rac1 Bd5 31. Ra1 gxf4
32. gxf4 Nd2 33. Ke3 Nb3 34. Rf1 Rxa3 35. f5 exf5 36. Rxf5 Ra4 37. Rh5 Re4+
38. Kf2 Nd4 39. Rxh7 Re2+ 40. Kg3 Rg2+ 41. Kh3 Ne2 0-1